LEADER 01085nam--2200385---450- 001 990002693990203316 005 20080925162628.0 035 $a000269399 035 $aUSA01000269399 035 $a(ALEPH)000269399USA01 035 $a000269399 100 $a20051214d1978----km-y0itay0103----ba 101 $aita 102 $aIT 105 $a||||||||001yy 200 1 $a<> vita di Federico da Montefeltro$e(1422-1482)$fWalter Tommasoli 210 $aUrbino$cArgalia$dc1978 215 $a377 p.$d22 cm. 225 2 $aStudi storici 410 0$12001$aStudi storici 454 1$12001 461 1$1001-------$12001 600 0$aFederico : da Montefeltro 676 $a945.677 700 1$aTOMMASOLI,$bWalter$0592268 801 0$aIT$bsalbc$gISBD 912 $a990002693990203316 951 $aFC M 1900$bDLM$cFC M 959 $aBK 969 $aDILAM 979 $aDILAM$b90$c20051214$lUSA01$h1049 979 $aDILAM$b90$c20051216$lUSA01$h0922 979 $aDILAM$b90$c20080925$lUSA01$h1626 996 $aVita di Federico da Montefeltro$91000950 997 $aUNISA